| 000 | 01231nam a2200289Ia 4500 | ||
|---|---|---|---|
| 999 |
_c5719 _d5719 |
||
| 003 | OSt | ||
| 005 | 20200320110838.0 | ||
| 008 | 191128s1973 sp a gr 000 0dspa d | ||
| 020 | _a8403190778 | ||
| 040 |
_aCO-JMCR _cCO-JMCR |
||
| 082 | 0 | 4 |
_a001.42 / _bC563i |
| 100 | 1 |
_aChurchman, Charles West, _eautor _91720 |
|
| 245 | 1 | 0 |
_aIntroducción a la investigación operativa / _cC. West Churchman, Russell L. Ackoff, E. Leonard Arnoff; traductor Luis García de Diego López |
| 250 | _aPrimera edición | ||
| 260 |
_aMadrid : _bAguilar, _c1973 |
||
| 300 |
_a638 páginas : _bilustraciones ; _c22 cm. |
||
| 490 | _aEconomía de la empresa | ||
| 504 | _aIncluye bibliografía. | ||
| 505 | _aIntroducción -- El problema -- El modelo -- Modelos de inventarios -- Modelos de distribución -- Modelos de espera -- Modelos de reemplazamiento -- Modelos de competencia -- Verficación, control y aplicación de modelos | ||
| 546 | _aspa | ||
| 650 | 1 | 4 |
_aInvestigación operacional _91721 |
| 650 | 2 | 4 |
_aAnálisis de sistemas Modelos matemáticos _91722 |
| 700 | 1 |
_aAckoff, Russell L. _eautor _91723 |
|
| 700 | 1 |
_aArnoff, E. Leonard, _e autor _91724 |
|
| 700 | 1 |
_aGarcía de Diego López, Luis, _etraductor _91725 |
|
| 942 |
_2ddc _cBK |
||